000 00448nam a2200157 4500
001 122083
003 ES-MaACL
005 20230906191914.0
007 t|
008 070214s1971 sp r ||||1| spa d
245 0 0 _aPoemes ara /
_cJoan Giné-Masdeu... [et al.].
260 _aBarcelona :
_b[s. n.],
_c1971 (
_fImp. Altés)
300 _a112 p., 4 lám. ;
_c21 cm.
700 1 _aGiné-Masdeu, Joan.
_957110
852 _aES-MaACL
_jC-41975
_bR.78327
999 _c122083
_d122083